<?xml version="1.0" encoding="UTF-8"?><?xml-stylesheet type="text/xsl" href="static/style.xsl"?><OAI-PMH xmlns="http://www.openarchives.org/OAI/2.0/" xmlns:xsi="http://www.w3.org/2001/XMLSchema-instance" xsi:schemaLocation="http://www.openarchives.org/OAI/2.0/ http://www.openarchives.org/OAI/2.0/OAI-PMH.xsd"><responseDate>2026-04-18T15:20:23Z</responseDate><request verb="GetRecord" identifier="oai:recam.amb.cat:20.500.14439/4371" metadataPrefix="marc">https://recam.amb.cat/rest/oai/request</request><GetRecord><record><header><identifier>oai:recam.amb.cat:20.500.14439/4371</identifier><datestamp>2025-10-08T06:41:48Z</datestamp><setSpec>com_20.500.14439_127</setSpec><setSpec>col_20.500.14439_145</setSpec></header><metadata><record xmlns="http://www.loc.gov/MARC21/slim" xmlns:dcterms="http://purl.org/dc/terms/" xmlns:xsi="http://www.w3.org/2001/XMLSchema-instance" xmlns:doc="http://www.lyncode.com/xoai" xsi:schemaLocation="http://www.loc.gov/MARC21/slim http://www.loc.gov/standards/marcxml/schema/MARC21slim.xsd">
   <leader>00925njm 22002777a 4500</leader>
   <datafield ind2=" " ind1=" " tag="042">
      <subfield code="a">dc</subfield>
   </datafield>
   <datafield ind2=" " ind1=" " tag="720">
      <subfield code="a">Geoservei Projectes I Gestió Ambiental</subfield>
      <subfield code="e">author</subfield>
   </datafield>
   <datafield ind2=" " ind1=" " tag="260">
      <subfield code="c">2021-06-01</subfield>
   </datafield>
   <datafield ind2=" " ind1=" " tag="520">
      <subfield code="a">L'objectiu fonamental ha estat conèixer la contaminació de les aigües subterrànies del Garraf i delimitar el seu abast geogràfic. A més, conèixer la contaminació de les aigües subterrànies és indispensable per contribuir a explicar l'origen dels gasos que determinen els problemes de les olors i el seu impacte en el medi i nuclis poblats. L'altre objectiu, també molt important, és el monitoratge de la surgència de la Falconera, que es troba en curs de materialització. Amb aquest monitoratge es tracta d'aprofundir en el coneixement de la contaminació i de l'origen dels gasos, així com en l'evolució de la contaminació i dels processos que faciliten a presència dels gasos. Els resultats de la monitorització contribuiran a plantejar les iniciatives de remediació.</subfield>
   </datafield>
   <datafield ind1="8" ind2=" " tag="024">
      <subfield code="a">https://hdl.handle.net/20.500.14439/4371</subfield>
   </datafield>
   <datafield tag="653" ind2=" " ind1=" ">
      <subfield code="a">Olors</subfield>
   </datafield>
   <datafield tag="653" ind2=" " ind1=" ">
      <subfield code="a">Residus</subfield>
   </datafield>
   <datafield tag="653" ind2=" " ind1=" ">
      <subfield code="a">Contaminació</subfield>
   </datafield>
   <datafield tag="653" ind2=" " ind1=" ">
      <subfield code="a">Aigua</subfield>
   </datafield>
   <datafield ind2="0" ind1="0" tag="245">
      <subfield code="a">Estudi per analitzar les causes d'olors a la surgència de la falconera encaminat a minimitzar el seu impacte al poble del Garraf: Annex 8. Topografia de la Falconera, Sitges (Garraf) 2020-2021</subfield>
   </datafield>
</record></metadata></record></GetRecord></OAI-PMH>